000 00744nam a2200253Ia 4500
003 OSt
005 20221006143407.0
006 a|||||r|||| 00| 0
007 ta
008 221006b |||||||| |||| 00| 0 eng d
020 _c835.20
024 _a8,844
037 _cTextual
040 _aEASL
_cEASL
_beng
041 _2eng
_aeng
082 _aX.410j42.N95, N6
100 _aTaylor Robert
245 0 _aGreater China and Japan
_b Prospects for an economic partnership in East Asia
260 _aLondon
_bRoutledge
_c1996
300 _a214p.
_ccm.
490 _v CEL
_aSheffield Centre for Japanese Studies/Routledge Series
942 _hX.410j42.N95, N6
_cTEXL
_2CC
999 _c1076930
_d1076930